Statistics for Sports in Nintendo Sports Games

Click here to take the quiz!

General Stats

  • This quiz has been taken 23 times
  • The average score is 12 of 18

Answer Stats

Sports% Correct
Baseball
86%
Basketball
86%
Bowling
86%
Boxing
86%
Golf
82%
Tennis
82%
Soccer
77%
Swordplay
73%
Frisbee
68%
Air sports
64%
Cycling
64%
Volleyball
59%
Table tennis
55%
Archery
50%
Badminton
50%
Canoeing
45%
Wakeboarding
45%
Power cruising
41%

Score Distribution

Percentile by Number Answered

Percent of People with Each Score

Your Score History

You have not taken this quiz